| 000 | 00659nam a2200193 i 4500 | ||
|---|---|---|---|
| 001 | 51193 | ||
| 003 | ES-MaACL | ||
| 005 | 20230906162321.0 | ||
| 007 | t| | ||
| 008 | 030811s1964 sp ||||1| spa d | ||
| 100 | 1 |
_aChariguin, M. M. _938075 |
|
| 245 | 1 | 0 |
_aGeología general / _cM.M. Chariguin ; traducción por Andrés Fierro Menu ; revisión técnica y presentación por Francisco Hernández Pacheco. |
| 250 | _a[1ª ed.]. | ||
| 260 |
_aBarcelona : _bGrijalbo, _c1964. |
||
| 300 |
_aXVI, 426 p. : _bil. ; _c24 cm. |
||
| 700 | 1 |
_aFierro Menu, Andrés. _950718 |
|
| 700 | 1 |
_aHernández Pachecho, Francisco. _963009 |
|
| 852 |
_aES-MaACL _jC-25876 _bR.54843 |
||
| 999 |
_c51193 _d51193 |
||